000
00240nam a22001097a 4500
008
160519b xxu||||| |||| 00| 0 eng d
020
_a
087857533
041
_a
eng
080
_a
61
245
_a
Everyday health hints:
_c
Eve;
942
_2
udc
_c
BK
999
_c
2223
_d
2223